000 00280nam a2200121Ia 4500
005 20251028132343.0
008 251020t2013||||xx |||||||||||||| ||spa||
041 _aspa
100 _aMuñoz Conde, Francisco
245 0 _aTeoría general del delito
260 _c2013
942 _CLB
_cLB
999 _c868
_d868